| Tag |
First Indicator |
Second Indicator |
Subfields |
| LEADER |
00000cam a2200000Mi 4500 |
| 001 |
in00002726041 |
| 005 |
20151202144016.0 |
| 008 |
080623s2008 it a 000 0 ita d |
| 020 |
|
|
|a 8895078675
|
| 020 |
|
|
|a 9788895078670
|
| 035 |
|
|
|a (OCoLC)ocn232569908
|
| 040 |
|
|
|a C3L
|c C3L
|d HLS
|d HEBIS
|d UtOrBLW
|
| 045 |
|
|
|a x0x4
|a x4x-
|
| 049 |
|
|
|a TXAM
|
| 050 |
|
4 |
|a PR2807.A23
|b V46 2008
|
| 082 |
1 |
4 |
|a 791
|2 21
|
| 100 |
1 |
|
|a Venanzi, Alfredo,
|d 1972-
|
| 245 |
1 |
3 |
|a Il testo teatrale nel cinema :
|b la trasposizione cinematografica di Amleto /
|c Alfredo Venanzi.
|
| 264 |
|
1 |
|a Lanciano (Chieti) :
|b Carabba,
|c 2008.
|
| 300 |
|
|
|a 142 pages :
|b illustrations ;
|c 21 cm.
|
| 336 |
|
|
|a text
|b txt
|2 rdacontent
|
| 337 |
|
|
|a unmediated
|b n
|2 rdamedia
|
| 338 |
|
|
|a volume
|b nc
|2 rdacarrier
|
| 490 |
1 |
|
|a Storia e documenti
|
| 500 |
|
|
|a Hamlet, play by William Shakespeare (1564- 1616).
|
| 504 |
|
|
|a Includes bibliographical references.
|
| 600 |
1 |
0 |
|a Shakespeare, William,
|d 1564-1616
|v Film adaptations.
|
| 600 |
1 |
0 |
|a Shakespeare, William,
|d 1564-1616.
|t Hamlet.
|
| 650 |
|
0 |
|a English drama
|x History and criticism.
|
| 600 |
1 |
7 |
|a Shakespeare, William.
|2 swd
|
| 630 |
0 |
7 |
|a Hamlet.
|2 swd
|
| 650 |
0 |
7 |
|a Verfilmung.
|2 swd
|
| 600 |
1 |
0 |
|a Shakespeare, William,
|d 1564-1616
|v Television adaptations.
|
| 830 |
|
0 |
|a Storia e documenti.
|
| 948 |
|
|
|a cataloged
|b h
|c 2012/1/4
|d c
|e ceaton
|f 10:22:38 am
|
| 994 |
|
|
|a C0
|b TXA
|
| 999 |
|
|
|a MARS
|
| 999 |
f |
f |
|s 7f490c14-0311-3e92-97f7-4c3b3661133e
|i 9d15e088-b813-3b01-902d-55f3d9d7ad41
|t 0
|
| 952 |
f |
f |
|p normal
|a Texas A&M University
|b College Station
|c Sterling C. Evans Library
|d Evans: Library Stacks
|t 0
|e PR2807.A23 V46 2008
|h Library of Congress classification
|i unmediated -- volume
|m A14841336182
|
| 998 |
f |
f |
|a PR2807.A23 V46 2008
|t 0
|l Evans: Library Stacks
|